اكتمل التصدير — 

Temps et aspect en egyptien : une approche semantique /

محفوظ في:

المؤلف الرئيسي: Winand, Jean (مؤلف)

التنسيق: كتاب

اللغة: French

منشور في: Leiden ; Boston : Brill, 2006.

سلاسل: Probleme der Agyptologie, 25.
PdA ; 25.

الموضوعات:

الوسوم: إضافة وسم

لا توجد وسوم, كن أول من يضع وسما على هذه التسجيلة!

رقم الطلب: DT57 .P92 v.25

LEADER 00870namaa2200277 4500
001 13312
003 OSt
005 20260421123042.0
008 130303s2006 ne a b 001 0 fre d
010 |a 2006047468 
020 |a 9004152164 
020 |a 9789004152168 
040 |c ARCE Library 
050 4 |a DT57 .P92 v.25 
100 1 |a Winand, Jean,  |e author  |9 42274 
245 1 0 |a Temps et aspect en egyptien :  |b une approche semantique /  |c par Jean Winand. 
264 1 |a Leiden ;  |a Boston :  |b Brill,  |c 2006. 
300 |a xi, 484 pages :   |b illustrations ;   |c 24 cm. 
490 0 |a Probleme der Agyptologie,   |x 0169-9610 ;   |v 25. 
490 0 |a PdA ;   |v 25. 
504 |a Includes bibliographical references (pages [441]-462) and indexes. 
650 0 |a Egyptian language  |x Tense. 
650 0 |a Egyptian language  |x Aspect. 
901 |a reviewed 
942 |c BK  |2 lcc 
999 |c 13215  |d 13215